|
|
|
|
| LEADER |
02353nam a2200697 4500 |
| 001 |
ocn879553097 |
| 003 |
OCoLC |
| 005 |
20170124071638.9 |
| 006 |
m o d |
| 007 |
cr ||||||||||| |
| 008 |
140509s2014 enk ob 001 0 eng |
| 010 |
|
|
|a 2014018472
|
| 040 |
|
|
|a DLC
|b eng
|e rda
|e pn
|c DLC
|d N$T
|d DG1
|d CUX
|d YDXCP
|d COO
|d EBLCP
|d OCLCQ
|d DEBBG
|d GrThAP
|
| 020 |
|
|
|a 9781118897270
|q (ePub)
|
| 020 |
|
|
|a 1118897277
|q (ePub)
|
| 020 |
|
|
|a 9781118897287
|q (Adobe PDF)
|
| 020 |
|
|
|a 1118897285
|q (Adobe PDF)
|
| 020 |
|
|
|a 9781118897263
|
| 020 |
|
|
|a 1118897269
|
| 020 |
|
|
|a 0470672714
|q (cloth)
|
| 020 |
|
|
|a 9780470672716
|q (cloth)
|
| 020 |
|
|
|z 9780470672716
|q (cloth)
|
| 029 |
1 |
|
|a CHBIS
|b 010441701
|
| 029 |
1 |
|
|a CHVBK
|b 334086698
|
| 029 |
1 |
|
|a NLGGC
|b 380522314
|
| 029 |
1 |
|
|a AU@
|b 000058366723
|
| 029 |
1 |
|
|a DEBBG
|b BV043396762
|
| 035 |
|
|
|a (OCoLC)879553097
|
| 042 |
|
|
|a pcc
|
| 050 |
0 |
0 |
|a QL639.1
|
| 060 |
|
4 |
|a QL 639.1
|
| 072 |
|
7 |
|a SCI
|x 056000
|2 bisacsh
|
| 082 |
0 |
0 |
|a 571.1/7
|2 23
|
| 049 |
|
|
|a MAIN
|
| 245 |
0 |
0 |
|a Aquaculture nutrition :
|b gut health, probiotics, and prebiotics /
|c edited by Daniel Merrifield and Einar Ringo.
|
| 264 |
|
1 |
|a Chichester, West Sussex :
|b John Wiley & Sons, Inc.,
|c 2014.
|
| 300 |
|
|
|a 1 online resource.
|
| 336 |
|
|
|a text
|b txt
|2 rdacontent
|
| 337 |
|
|
|a computer
|b c
|2 rdamedia
|
| 338 |
|
|
|a online resource
|b cr
|2 rdacarrier
|
| 504 |
|
|
|a Includes bibliographical references and index.
|
| 588 |
0 |
|
|a Print version record and CIP data.
|
| 650 |
|
0 |
|a Fishes
|x Digestive organs.
|
| 650 |
|
0 |
|a Fishes
|x Health.
|
| 650 |
|
0 |
|a Fishes
|x Nutrition.
|
| 650 |
|
0 |
|a Marine animals
|x Digestive organs.
|
| 650 |
|
0 |
|a Marine animals
|x Health.
|
| 650 |
|
0 |
|a Marine animals
|x Nutrition.
|
| 650 |
|
0 |
|a Aquaculture.
|
| 650 |
1 |
2 |
|a Fishes.
|
| 650 |
2 |
2 |
|a Digestive System
|x microbiology.
|
| 650 |
2 |
2 |
|a Shellfish.
|
| 650 |
2 |
2 |
|a Probiotics.
|
| 650 |
2 |
2 |
|a Prebiotics.
|
| 650 |
|
7 |
|a SCIENCE
|x Life Sciences
|x Anatomy & Physiology.
|2 bisacsh
|
| 655 |
|
4 |
|a Electronic books.
|
| 700 |
1 |
|
|a Merrifield, Daniel,
|d 1983-
|
| 700 |
1 |
|
|a Ringø, Einar,
|d 1950-
|
| 776 |
0 |
8 |
|i Print version:
|t Aquaculture nutrition.
|d Chichester, West Sussex : John Wiley & Sons, Inc., 2014
|z 9780470672716
|w (DLC) 2014015269
|
| 856 |
4 |
0 |
|u https://doi.org/10.1002/9781118897263
|z Full Text via HEAL-Link
|
| 994 |
|
|
|a 92
|b DG1
|